Countries of the World (O-Z) - Sudden Death - Statistics

General Stats
  • This quiz has been taken 4,646 times
  • The average score is 46 of 66
Answers on the Grid
Answers color-coded by a green-red scale on the quiz's grid according to % correct below.
Oman
Pakistan
Palau
Panama
Papua New Guinea
Paraguay
Patagonia
Peru
Philippines
Poland
Portugal
Puerto Rico
Qatar
Republic of the Congo
Romania
Russia
Rwanda
Saint Croix
Saint Kitts and Nevis
Saint Lucia
Saint Vincent and the
Grenadines
Samoa
San Marino
São Tomé and Príncipe
Sardinia
Saudi Arabia
Senegal
Serbia
Seychelles
Siam
Siberia
Sierra Leone
Sinai
Singapore
Slovakia
Slovenia
Solomon Islands
Somalia
South Africa
South Korea
South Ossetia
South Sudan
South Vietnam
Spain
Sri Lanka
Sudan
Suez
Sumatra
Suriname
Sweden
Switzerland
Syria
Tahiti
Taiwan
Tajikistan
Tanzania
Tasmania
Thailand
Togo
Tonga
Transylvania
Trinidad and Tobago
Tucks and Caicos
Tunisia
Turkey
Turkmenistan
Tuvalu
Tyrol
Uganda
Ukraine
Umbria
United Arab Emirates
United Kingdom
United States
Uruguay
Uzbekistan
Vanuatu
Vatican City
Venezuela
Vietnam
Wallachia
Wallonia
Waziristan
Western Sahara
Yemen
Yugoslavia
Zaire
Zambia
Zanzibar
Zimbabwe
 
Answer Stats
Answer % Correct
Oman
97%
Pakistan
95%
Paraguay
95%
Portugal
93%
Panama
92%
Papua New Guinea
92%
Peru
92%
Philippines
91%
Poland
91%
Palau
83%
Russia
81%
Qatar
78%
Saudi Arabia
78%
Romania
77%
Rwanda
75%
Serbia
75%
San Marino
74%
Senegal
74%
Republic of the Congo
73%
Saint Kitts and Nevis
73%
Saint Vincent and the
Grenadines
73%
Saint Lucia
72%
Samoa
72%
Seychelles
72%
São Tomé and Príncipe
71%
Slovakia
68%
Slovenia
68%
South Korea
68%
Sierra Leone
67%
Singapore
67%
Somalia
67%
South Africa
67%
South Sudan
66%
Sudan
66%
Solomon Islands
65%
Spain
65%
Switzerland
65%
Sri Lanka
64%
Sweden
64%
Suriname
63%
Syria
63%
Tanzania
63%
Tajikistan
62%
Uzbekistan
62%
Taiwan
61%
Thailand
60%
Tunisia
60%
Turkey
60%
Turkmenistan
60%
Ukraine
60%
United Kingdom
60%
Venezuela
60%
Vietnam
60%
Trinidad and Tobago
59%
United Arab Emirates
59%
United States
59%
Uruguay
59%
Yemen
59%
Togo
58%
Uganda
58%
Tonga
57%
Tuvalu
57%
Vatican City
57%
Zimbabwe
57%
Vanuatu
56%
Zambia
56%
No matching quizzes found
Score Distribution
Percent of People with Each Score
Percentile by Number Answered
Your Score History
You have not taken this quiz